| 000 | 01581nam a22002537a 4500 | ||
|---|---|---|---|
| 001 | 5457 | ||
| 003 | FISKH | ||
| 005 | 20241209144037.0 | ||
| 008 | 241209b cb ||||| |||| 00| 0 eng d | ||
| 020 | _a9789046112731 | ||
| 040 |
_aFISKH _beng _cFISKH _dFISKH |
||
| 050 | _aPR6056.L4 | ||
| 082 | _a823.914 | ||
| 100 |
_aFleming, Ian _d(1908–1964) |
||
| 245 |
_aLive and let die / _cIan Fleming |
||
| 250 | _a2007 | ||
| 260 |
_aLondon : _bZwarte Beertjes, _c2007. |
||
| 300 |
_a239 pages : _c18 cm |
||
| 520 | _aFiction. Thriller. HTML: When Agent 007 goes to Harlem, it's not just for the jazz. Harlem is the kingdom of Mr. Big, voodoo baron, black master of crime, and senior partner in SMERSH's grim company of death. As gold coins from a Jamaican pirate hoard start turning up in pawnshops in Harlem, M suspects the treasure is being used to finance SMERSH activity in America. Agent 007 is sent to New York to uncover Mr. Big's criminal operation. Those Mr. Big cannot possess he crushes; those who cross him will meet painful ends, like his beautiful prisoner, Solitaire, and her lover, James Bond. Both are marked as victims in a trail of terror, treachery, and torture that leads from New York's black underworld to the shark-infested island in the sun that Mr. Big calls his own. Bond realizes Big is one of the most dangerous men that he has ever faced, and no one, not even the mysterious Solitaire, can be sure how their battle of wills is going to end. | ||
| 650 |
_2Adventure _aBond |
||
| 650 |
_2Thriller _aFiction |
||
| 942 |
_2ddc _cBK _n0 |
||
| 999 |
_c5457 _d5457 |
||